000 00573nam a2200181 i 4500
001 29645
003 ES-MaACL
005 20230906154052.0
007 t|
008 030122s1943 sp ||||1| spa d
100 1 _aBallesteros Gaibrois, Manuel,
_d1911-2002
_925056
245 1 0 _aEspaña en los mares /
_cManuel Ballesteros Gaibrois.
250 _a2ª ed.
260 _aMadrid :
_bEdiciones de la Vicesecretaría de Educación Popular,
_c1943 (
_fGráficas Uguina)
300 _a115 p. ;
_c18 cm.
852 _aES-MaACL
_j1837-F-4
_bR.20587
999 _c29645
_d29645